000 00650nam a2200289Ia 4500
005 20260324124634.0
008 008 260324s9999 xx 000 0 eng d
020 _a9781315833644
037 _aEBOOK
040 _aCRL
040 _beng
040 _cCRL
041 _2eng
041 _aeng
084 _qCRL
100 _aD.G. Williamson
_91174936
245 0 _aBismarck and Germany
245 0 _b1862-1890
260 _bTaylor and Francis
260 _c2010
365 _a
365 _b230
856 _uhttp://www.taylorfrancis.com/books/9781315833644
942 _cEBOOK
999 _c1769474
_d1769474